|
|
|
|
| LEADER |
01721nam a2200481 i 4500 |
| 001 |
nkc20152728143 |
| 003 |
CZ PrNK |
| 005 |
20160229132025.0 |
| 007 |
ta |
| 008 |
151230t20152015xr a e 000 0 eng |
| 015 |
|
|
|a cnb002728143
|
| 020 |
|
|
|a 978-80-87509-41-8
|q (brožováno)
|
| 035 |
|
|
|a (OCoLC)939571313
|
| 040 |
|
|
|a ABA001
|b cze
|e rda
|
| 043 |
|
|
|a e-ur---
|
| 072 |
|
7 |
|a 623
|x Vojenská technika
|2 Konspekt
|9 19
|
| 080 |
|
|
|a 623.438.4
|2 MRF
|
| 080 |
|
|
|a (47+57)
|2 MRF
|
| 080 |
|
|
|a (084.11)
|2 MRF
|
| 100 |
1 |
|
|a Horák, Jan
|7 mzk2006322901
|4 aut
|
| 245 |
1 |
0 |
|a PION 2S7 in detail :
|b soviet modern 203mm self-propelled atomic gun : photo manual for modelers /
|c Jan Horák, František Kořán
|
| 250 |
|
|
|a 1st edition
|
| 264 |
|
1 |
|a Prague :
|b František Kořán RAK,
|c [2015]
|
| 264 |
|
4 |
|c ©2015
|
| 300 |
|
|
|a 71 stran :
|b barevné ilustrace ;
|c 23 cm
|
| 336 |
|
|
|a text
|b txt
|2 rdacontent
|
| 336 |
|
|
|a statický obraz
|b sti
|2 rdacontent
|
| 337 |
|
|
|a bez média
|b n
|2 rdamedia
|
| 338 |
|
|
|a svazek
|b nc
|2 rdacarrier
|
| 490 |
1 |
|
|a WWP - Wings & Wheels publications ;
|v G 043
|
| 650 |
0 |
7 |
|a 2S7 Pion (samohybné dělo)
|7 ph898068
|2 czenas
|
| 650 |
0 |
7 |
|a samohybná děla
|7 ph136656
|z Sovětský svaz
|2 czenas
|
| 650 |
0 |
9 |
|a 2S7 Pion
|2 eczenas
|
| 650 |
0 |
9 |
|a self propelled howitzers
|z Soviet Union
|2 eczenas
|
| 655 |
|
7 |
|a obrazové publikace
|7 fd132947
|2 czenas
|
| 655 |
|
9 |
|a pictorial works
|2 eczenas
|
| 700 |
1 |
|
|a Kořán, František,
|d 1963-
|7 jn20001103188
|4 aut
|
| 830 |
|
0 |
|a WWP - Wings & wheels publications
|0 s
|
| 910 |
2 |
|
|a BOA001
|b 2-1356.903
|
| 990 |
|
|
|a BK
|
| 995 |
|
|
|a 01
|
| 991 |
|
|
|b 201601
|c NOV
|
| 996 |
6 |
|
|b 2610654853
|c 2-1356.903
|l MZK
|r Sklad / do 1 hodiny
|n 0
|p p.v.
|w 001537758
|u 000010
|a 1
|e BOA001
|j MZK50
|s P
|